| 000 | 00670nam a2200181 i 4500 | ||
|---|---|---|---|
| 001 | 21296 | ||
| 003 | ES-MaACL | ||
| 005 | 20230906152444.0 | ||
| 007 | t| | ||
| 008 | 021122s1926 sp ||||1| spa d | ||
| 100 | 1 |
_aAlberca Lorente, Román. _919266 |
|
| 245 | 1 | 0 |
_aIntervención precoz de la microglia en las heridas experimentales de la médula del conejo _b: neuraxitis ectotropas / _cR. Alberca. |
| 260 |
_a[Madrid] : _bs.n.], _c1926 ( _fAldus) |
||
| 300 |
_a4 h., 1 lám. ; _c24 cm. |
||
| 500 | _aEs separata del: Boletín de la Sociedad Española de Biología, Vol. XI, Fasc. II, 1926, p. 81-88. | ||
| 852 |
_aES-MaACL _j1600-F-19 |
||
| 852 |
_aES-MaACL _j1710-F-9 |
||
| 999 |
_c21296 _d21296 |
||